[Event "45th FIDE Chess Olympiad Open"]
[Site "Budapest, Hungary"]
[Date "2024.09.22"]
[Round "11"]
[White "Abdusattorov, Nodirbek"]
[Black "Vachier-Lagrave, Maxime"]
[Result "1/2-1/2"]
[Board "13"]
[WhiteFideId "14204118"]
[BlackFideId "623539"]
[WhiteTitle "GM"]
[BlackTitle "GM"]
[WhiteElo "2766"]
[BlackElo "2731"]
[WhiteTeam "Uzbekistan"]
[BlackTeam "France"]
[WhiteClock "0:23:52"]
[BlackClock "0:27:32"]
[Variant "Standard"]

1. e4 {[%clk 1:30:51]}  c5 {[%clk 1:30:58]} 2. Nc3 {[%clk 1:30:53]}  d6 {[%clk 1:31:12]} 3. Nf3 {[%clk 1:30:58]}  Nf6 {[%clk 1:31:38]} 4. d4 {[%clk 1:31:23]}  cxd4 {[%clk 1:32:05]} 5. Nxd4 {[%clk 1:31:48]}  a6 {[%clk 1:32:30]} 6. Be3 {[%clk 1:32:13]}  Ng4 {[%clk 1:32:37]} 7. Bg5 {[%clk 1:32:34]}  h6 {[%clk 1:33:04]} 8. Bh4 {[%clk 1:32:56]}  g5 {[%clk 1:33:32]} 9. Bg3 {[%clk 1:33:21]}  Bg7 {[%clk 1:33:59]} 10. Qd2 {[%clk 1:33:44]}  Nc6 {[%clk 1:30:33]} 11. Nb3 {[%clk 1:34:07]}  b5 {[%clk 1:27:57]} 12. h4 {[%clk 1:34:11]}  gxh4 {[%clk 1:25:34]} 13. Rxh4 {[%clk 1:34:35]}  b4 {[%clk 1:20:18]} 14. Nd1 {[%clk 1:30:30]}  Be6 {[%clk 1:08:32]} 15. c3 {[%clk 1:24:49]}  Qb6 {[%clk 1:05:03]} 16. f3 {[%clk 1:17:17]}  bxc3 {[%clk 1:04:38]} 17. bxc3 {[%clk 1:17:44]}  Nge5 {[%clk 1:04:19]} 18. Bf2 {[%clk 1:16:39]}  Qc7 {[%clk 1:04:11]} 19. Nd4 {[%clk 1:14:14]}  Na5 {[%clk 0:59:46]} 20. f4 {[%clk 1:05:11]}  Nec4 {[%clk 0:59:34]} 21. Qd3 {[%clk 1:01:57]}  Bd7 {[%clk 0:55:19]} 22. Be2 {[%clk 0:56:28]}  Rb8 {[%clk 0:52:08]} 23. Rc1 {[%clk 0:51:51]}  e5 {[%clk 0:47:04]} 24. Nb3 {[%clk 0:37:48]}  Rc8 {[%clk 0:43:00]} 25. fxe5 {[%clk 0:31:42]}  Nxe5 {[%clk 0:40:32]} 26. Qxa6 {[%clk 0:29:22]}  Nac4 {[%clk 0:39:28]} 27. Ne3 {[%clk 0:28:40]}  Nxe3 {[%clk 0:38:21]} 28. Bxe3 {[%clk 0:27:42]}  O-O {[%clk 0:36:03]} 29. Qb6 {[%clk 0:24:37]}  Qxb6 {[%clk 0:35:28]} 30. Bxb6 {[%clk 0:25:06]}  Ng6 {[%clk 0:33:58]} 31. Rh1 {[%clk 0:24:25]}  Rxc3 {[%clk 0:33:47]} 32. Rxc3 {[%clk 0:23:39]}  Bxc3+ {[%clk 0:33:03]} 33. Kf2 {[%clk 0:24:07]}  Ra8 {[%clk 0:32:30]} 34. Rc1 {[%clk 0:24:30]}  Bf6 {[%clk 0:27:21]} 35. Rc7 {[%clk 0:22:15]}  Bd8 {[%clk 0:27:39]} 36. Rxd7 {[%clk 0:22:39]}  Bxb6+ {[%clk 0:28:06]} 37. Kf1 {[%clk 0:23:01]}  Rxa2 {[%clk 0:27:34]} 38. Rxd6 {[%clk 0:23:16]}  Be3 {[%clk 0:26:29]} 39. Rd3 {[%clk 0:23:03]}  Bb6 {[%clk 0:26:40]} 40. Rd6 {[%clk 0:23:28]}  Be3 {[%clk 0:27:06]} 41. Rd3 {[%clk 0:23:52]}  Bb6 {[%clk 0:27:32]} 1/2-1/2

[Event "45th FIDE Chess Olympiad Open"]
[Site "Budapest, Hungary"]
[Date "2024.09.22"]
[Round "11"]
[White "Bacrot, Etienne"]
[Black "Yakubboev, Nodirbek"]
[Result "1/2-1/2"]
[Board "14"]
[WhiteFideId "605506"]
[BlackFideId "14203987"]
[WhiteTitle "GM"]
[BlackTitle "GM"]
[WhiteElo "2665"]
[BlackElo "2666"]
[WhiteTeam "France"]
[BlackTeam "Uzbekistan"]
[WhiteClock "1:15:45"]
[BlackClock "1:20:09"]
[Variant "Standard"]

1. e4 {[%clk 1:29:41]}  e5 {[%clk 1:30:48]} 2. Nf3 {[%clk 1:30:04]}  Nc6 {[%clk 1:31:13]} 3. Bb5 {[%clk 1:30:30]}  a6 {[%clk 1:31:12]} 4. Ba4 {[%clk 1:30:53]}  Nf6 {[%clk 1:31:09]} 5. O-O {[%clk 1:31:16]}  Nxe4 {[%clk 1:30:22]} 6. d4 {[%clk 1:28:36]}  b5 {[%clk 1:27:19]} 7. Bb3 {[%clk 1:28:32]}  d5 {[%clk 1:27:43]} 8. dxe5 {[%clk 1:28:54]}  Be6 {[%clk 1:28:08]} 9. Nbd2 {[%clk 1:28:25]}  Nc5 {[%clk 1:20:37]} 10. c3 {[%clk 1:28:25]}  Be7 {[%clk 1:19:38]} 11. Bc2 {[%clk 1:28:24]}  d4 {[%clk 1:20:03]} 12. Nb3 {[%clk 1:26:34]}  dxc3 {[%clk 1:17:08]} 13. Nxc5 {[%clk 1:25:51]}  Bxc5 {[%clk 1:17:36]} 14. Be4 {[%clk 1:25:28]}  Qd7 {[%clk 1:18:03]} 15. bxc3 {[%clk 1:23:51]}  Rd8 {[%clk 1:18:08]} 16. Qc2 {[%clk 1:23:23]}  Bd5 {[%clk 1:18:33]} 17. Bf5 {[%clk 1:15:12]}  Be6 {[%clk 1:18:57]} 18. Be4 {[%clk 1:14:56]}  Bd5 {[%clk 1:19:21]} 19. Bf5 {[%clk 1:15:20]}  Be6 {[%clk 1:19:47]} 20. Be4 {[%clk 1:15:45]}  Bd5 {[%clk 1:20:09]} 1/2-1/2

[Event "45th FIDE Chess Olympiad Open"]
[Site "Budapest, Hungary"]
[Date "2024.09.22"]
[Round "11"]
[White "Sindarov, Javokhir"]
[Black "Fressinet, Laurent"]
[Result "1/2-1/2"]
[Board "15"]
[WhiteFideId "14205483"]
[BlackFideId "608742"]
[WhiteTitle "GM"]
[BlackTitle "GM"]
[WhiteElo "2677"]
[BlackElo "2616"]
[WhiteTeam "Uzbekistan"]
[BlackTeam "France"]
[WhiteClock "0:12:46"]
[BlackClock "0:25:16"]
[Variant "Standard"]

1. e4 {[%clk 1:30:57]}  e5 {[%clk 1:30:46]} 2. Nf3 {[%clk 1:31:15]}  Nc6 {[%clk 1:31:11]} 3. Bc4 {[%clk 1:31:39]}  Nf6 {[%clk 1:31:36]} 4. d3 {[%clk 1:32:01]}  d5 {[%clk 1:32:02]} 5. exd5 {[%clk 1:32:19]}  Nxd5 {[%clk 1:32:25]} 6. O-O {[%clk 1:31:56]}  Be7 {[%clk 1:32:44]} 7. Re1 {[%clk 1:31:02]}  f6 {[%clk 1:32:47]} 8. c3 {[%clk 1:29:02]}  Bg4 {[%clk 1:30:53]} 9. h3 {[%clk 1:29:17]}  Bh5 {[%clk 1:31:18]} 10. a4 {[%clk 1:29:39]}  a6 {[%clk 1:30:18]} 11. Nbd2 {[%clk 1:09:08]}  O-O {[%clk 1:30:03]} 12. Ne4 {[%clk 1:08:26]}  Kh8 {[%clk 1:29:56]} 13. a5 {[%clk 1:07:59]}  Bf7 {[%clk 1:23:21]} 14. Bd2 {[%clk 1:07:08]}  Qd7 {[%clk 1:22:05]} 15. b4 {[%clk 1:04:53]}  Nd8 {[%clk 1:18:48]} 16. Qb3 {[%clk 0:43:13]}  b5 {[%clk 1:12:35]} 17. axb6 {[%clk 0:43:06]}  cxb6 {[%clk 1:12:59]} 18. Qb1 {[%clk 0:23:13]}  b5 {[%clk 1:06:07]} 19. Bb3 {[%clk 0:23:40]}  Nc6 {[%clk 1:04:15]} 20. d4 {[%clk 0:22:40]}  exd4 {[%clk 0:57:42]} 21. Nxd4 {[%clk 0:23:01]}  Ndxb4 {[%clk 0:40:35]} 22. Bxf7 {[%clk 0:22:06]}  Rxf7 {[%clk 0:40:12]} 23. Nxb5 {[%clk 0:22:10]}  Rff8 {[%clk 0:35:37]} 24. Nc7 {[%clk 0:18:55]}  Qxc7 {[%clk 0:32:22]} 25. cxb4 {[%clk 0:19:22]}  Qd7 {[%clk 0:28:34]} 26. b5 {[%clk 0:11:27]}  axb5 {[%clk 0:28:51]} 27. Rxa8 {[%clk 0:11:53]}  Rxa8 {[%clk 0:29:16]} 28. Qxb5 {[%clk 0:12:19]}  Ne5 {[%clk 0:24:33]} 29. Qxd7 {[%clk 0:12:30]}  Nxd7 {[%clk 0:25:00]} 30. Be3 {[%clk 0:12:46]}  Kg8 {[%clk 0:25:16]} 1/2-1/2

[Event "45th FIDE Chess Olympiad Open"]
[Site "Budapest, Hungary"]
[Date "2024.09.22"]
[Round "11"]
[White "Lagarde, Maxime"]
[Black "Vokhidov, Shamsiddin"]
[Result "0-1"]
[Board "16"]
[WhiteFideId "662399"]
[BlackFideId "14204223"]
[WhiteTitle "GM"]
[BlackTitle "GM"]
[WhiteElo "2598"]
[BlackElo "2650"]
[WhiteTeam "France"]
[BlackTeam "Uzbekistan"]
[WhiteClock "0:02:04"]
[BlackClock "0:10:42"]
[Variant "Standard"]

1. e4 {[%clk 1:30:58]}  c5 {[%clk 1:30:46]} 2. Nf3 {[%clk 1:31:23]}  d6 {[%clk 1:31:10]} 3. Bb5+ {[%clk 1:31:37]}  Nd7 {[%clk 1:30:38]} 4. O-O {[%clk 1:31:54]}  a6 {[%clk 1:31:02]} 5. Bxd7+ {[%clk 1:32:16]}  Bxd7 {[%clk 1:31:27]} 6. Re1 {[%clk 1:32:39]}  e6 {[%clk 1:27:48]} 7. c3 {[%clk 1:24:55]}  Ne7 {[%clk 1:26:50]} 8. d4 {[%clk 1:23:44]}  Ng6 {[%clk 1:26:29]} 9. g3 {[%clk 1:12:41]}  Be7 {[%clk 1:19:42]} 10. h4 {[%clk 1:01:26]}  h5 {[%clk 1:20:03]} 11. Nbd2 {[%clk 0:56:40]}  Qc7 {[%clk 1:05:42]} 12. Nf1 {[%clk 0:53:42]}  b5 {[%clk 0:57:24]} 13. Ne3 {[%clk 0:47:41]}  cxd4 {[%clk 0:53:48]} 14. cxd4 {[%clk 0:48:06]}  Qb7 {[%clk 0:51:18]} 15. d5 {[%clk 0:39:22]}  Bf6 {[%clk 0:51:23]} 16. dxe6 {[%clk 0:35:09]}  fxe6 {[%clk 0:46:52]} 17. Ng2 {[%clk 0:31:02]}  O-O {[%clk 0:38:21]} 18. Qxd6 {[%clk 0:25:11]}  Rac8 {[%clk 0:34:47]} 19. Nf4 {[%clk 0:22:27]}  Rc6 {[%clk 0:32:38]} 20. Qd3 {[%clk 0:16:54]}  Nxf4 {[%clk 0:32:53]} 21. Bxf4 {[%clk 0:17:08]}  Bxb2 {[%clk 0:33:18]} 22. Rad1 {[%clk 0:16:11]}  Be8 {[%clk 0:31:43]} 23. Ng5 {[%clk 0:15:58]}  Bg6 {[%clk 0:29:38]} 24. Bd6 {[%clk 0:12:47]}  Re8 {[%clk 0:28:17]} 25. Qe3 {[%clk 0:06:44]}  Rc4 {[%clk 0:27:12]} 26. Rd3 {[%clk 0:05:42]}  Qc6 {[%clk 0:25:29]} 27. Qa7 {[%clk 0:04:16]}  e5 {[%clk 0:23:49]} 28. f4 {[%clk 0:01:03]}  Rc1 {[%clk 0:19:50]} 29. Bb4 {[%clk 0:01:10]}  exf4 {[%clk 0:15:05]} 30. gxf4 {[%clk 0:01:22]}  Rxe1+ {[%clk 0:14:22]} 31. Bxe1 {[%clk 0:01:49]}  Qc1 {[%clk 0:14:43]} 32. Re3 {[%clk 0:01:51]}  Ba3 {[%clk 0:10:10]} 33. Kg2 {[%clk 0:00:33]}  Bc5 {[%clk 0:10:04]} 34. Qxa6 {[%clk 0:00:56]}  Qxe3 {[%clk 0:09:40]} 35. Qxg6 {[%clk 0:01:20]}  Qe2+ {[%clk 0:10:00]} 36. Kh3 {[%clk 0:01:40]}  Qf1+ {[%clk 0:10:26]} 37. Kh2 {[%clk 0:02:04]}  Bg1+ {[%clk 0:10:42]} 0-1

[Event "45th FIDE Chess Olympiad Open"]
[Site "Budapest, Hungary"]
[Date "2024.09.22"]
[Round "11"]
[White "Sarana, Alexey"]
[Black "Ivanchuk, Vasyl"]
[Result "1-0"]
[Board "17"]
[WhiteFideId "24133795"]
[BlackFideId "14100010"]
[WhiteTitle "GM"]
[BlackTitle "GM"]
[WhiteElo "2713"]
[BlackElo "2635"]
[WhiteTeam "Serbia"]
[BlackTeam "Ukraine"]
[WhiteClock "0:28:05"]
[BlackClock "0:35:59"]
[Variant "Standard"]

1. d4 {[%clk 1:30:59]}  Nf6 {[%clk 1:30:55]} 2. c4 {[%clk 1:31:22]}  e6 {[%clk 1:31:22]} 3. Nc3 {[%clk 1:31:24]}  Bb4 {[%clk 1:31:48]} 4. e3 {[%clk 1:31:34]}  O-O {[%clk 1:31:53]} 5. Bd3 {[%clk 1:32:01]}  c5 {[%clk 1:32:20]} 6. Nge2 {[%clk 1:30:33]}  cxd4 {[%clk 1:29:38]} 7. exd4 {[%clk 1:30:58]}  d5 {[%clk 1:30:06]} 8. c5 {[%clk 1:30:35]}  Nc6 {[%clk 1:28:30]} 9. O-O {[%clk 1:30:45]}  Bxc3 {[%clk 1:25:08]} 10. Nxc3 {[%clk 1:19:27]}  Nxd4 {[%clk 1:25:30]} 11. Bxh7+ {[%clk 1:19:50]}  Nxh7 {[%clk 1:25:57]} 12. Qxd4 {[%clk 1:20:12]}  Qf6 {[%clk 1:26:22]} 13. Be3 {[%clk 1:16:52]}  a5 {[%clk 1:26:15]} 14. Qd2 {[%clk 1:13:16]}  Bd7 {[%clk 1:25:51]} 15. Bd4 {[%clk 1:12:21]}  Qf5 {[%clk 1:24:25]} 16. Rae1 {[%clk 1:10:56]}  f6 {[%clk 1:24:48]} 17. f4 {[%clk 1:11:18]}  Rf7 {[%clk 1:25:12]} 18. a4 {[%clk 1:03:18]}  Nf8 {[%clk 0:54:53]} 19. h3 {[%clk 1:02:17]}  Qh7 {[%clk 0:54:43]} 20. Nb5 {[%clk 1:02:09]}  Bc6 {[%clk 0:55:07]} 21. Re3 {[%clk 1:01:14]}  Re7 {[%clk 0:52:28]} 22. Qe2 {[%clk 0:57:15]}  Rd8 {[%clk 0:45:00]} 23. b3 {[%clk 0:55:03]}  Ra8 {[%clk 0:41:52]} 24. Nd6 {[%clk 0:50:53]}  Rd7 {[%clk 0:38:05]} 25. Nb5 {[%clk 0:41:45]}  Qh6 {[%clk 0:34:26]} 26. Qg4 {[%clk 0:39:03]}  Re7 {[%clk 0:33:57]} 27. Nd6 {[%clk 0:37:58]}  Qg6 {[%clk 0:34:20]} 28. Qh4 {[%clk 0:28:29]}  Qh7 {[%clk 0:34:41]} 29. Qf2 {[%clk 0:28:23]}  Rd7 {[%clk 0:33:45]} 30. Rg3 {[%clk 0:28:39]}  Qh6 {[%clk 0:33:58]} 31. Rg4 {[%clk 0:26:35]}  b6 {[%clk 0:33:54]} 32. Rh4 {[%clk 0:25:59]}  Qg6 {[%clk 0:34:11]} 33. f5 {[%clk 0:26:25]}  exf5 {[%clk 0:34:35]} 34. Nxf5 {[%clk 0:26:51]}  bxc5 {[%clk 0:34:55]} 35. Rg4 {[%clk 0:26:39]}  Qxg4 {[%clk 0:34:40]} 36. hxg4 {[%clk 0:27:07]}  cxd4 {[%clk 0:35:05]} 37. Nxd4 {[%clk 0:27:31]}  Bb7 {[%clk 0:35:28]} 38. g5 {[%clk 0:27:40]}  fxg5 {[%clk 0:35:46]} 39. Qf5 {[%clk 0:27:54]}  Re8 {[%clk 0:35:54]} 40. Qxg5 {[%clk 0:28:19]}  Ne6 {[%clk 0:35:59]} 41. Qg6 {[%clk 0:28:05]} 1-0

[Event "45th FIDE Chess Olympiad Open"]
[Site "Budapest, Hungary"]
[Date "2024.09.22"]
[Round "11"]
[White "Ponomariov, Ruslan"]
[Black "Indjic, Aleksandar"]
[Result "1/2-1/2"]
[Board "18"]
[WhiteFideId "14103320"]
[BlackFideId "911925"]
[WhiteTitle "GM"]
[BlackTitle "GM"]
[WhiteElo "2654"]
[BlackElo "2611"]
[WhiteTeam "Ukraine"]
[BlackTeam "Serbia"]
[WhiteClock "0:01:07"]
[BlackClock "0:04:04"]
[Variant "Standard"]

1. e4 {[%clk 1:30:57]}  c5 {[%clk 1:29:26]} 2. Nf3 {[%clk 1:31:16]}  d6 {[%clk 1:29:28]} 3. d4 {[%clk 1:31:34]}  cxd4 {[%clk 1:29:50]} 4. Nxd4 {[%clk 1:31:59]}  Nf6 {[%clk 1:30:11]} 5. Nc3 {[%clk 1:32:24]}  a6 {[%clk 1:30:22]} 6. Be3 {[%clk 1:32:28]}  e5 {[%clk 1:26:55]} 7. Nb3 {[%clk 1:32:05]}  Be7 {[%clk 1:27:00]} 8. f3 {[%clk 1:30:05]}  Be6 {[%clk 1:26:51]} 9. Qd2 {[%clk 1:30:11]}  h5 {[%clk 1:27:12]} 10. Nd5 {[%clk 1:29:08]}  Nxd5 {[%clk 1:25:48]} 11. exd5 {[%clk 1:29:03]}  Bf5 {[%clk 1:26:15]} 12. Be2 {[%clk 1:28:17]}  Bh4+ {[%clk 1:26:29]} 13. g3 {[%clk 1:28:42]}  Be7 {[%clk 1:26:56]} 14. O-O-O {[%clk 1:23:03]}  Nd7 {[%clk 1:26:48]} 15. Kb1 {[%clk 1:21:40]}  Rc8 {[%clk 1:13:16]} 16. Bd3 {[%clk 1:17:41]}  Bxd3 {[%clk 1:13:20]} 17. Qxd3 {[%clk 1:18:04]}  Qc7 {[%clk 1:10:58]} 18. Nd2 {[%clk 1:14:58]}  b5 {[%clk 1:10:13]} 19. Rc1 {[%clk 1:11:00]}  Nb6 {[%clk 1:10:31]} 20. b3 {[%clk 1:10:14]}  Qb7 {[%clk 1:10:36]} 21. c4 {[%clk 1:09:37]}  bxc4 {[%clk 0:54:09]} 22. Nxc4 {[%clk 1:09:40]}  Nxd5 {[%clk 0:43:24]} 23. Nxd6+ {[%clk 1:03:28]}  Bxd6 {[%clk 0:43:43]} 24. Rxc8+ {[%clk 1:03:53]}  Qxc8 {[%clk 0:44:09]} 25. Qxd5 {[%clk 1:04:17]}  Ke7 {[%clk 0:43:51]} 26. Rc1 {[%clk 0:58:55]}  Qf5+ {[%clk 0:43:38]} 27. Kb2 {[%clk 0:59:16]}  Rd8 {[%clk 0:43:53]} 28. Bc5 {[%clk 0:59:12]}  Bxc5 {[%clk 0:40:09]} 29. Qxc5+ {[%clk 0:58:11]}  Ke8 {[%clk 0:40:36]} 30. f4 {[%clk 0:42:37]}  f6 {[%clk 0:34:54]} 31. Qc7 {[%clk 0:33:47]}  Rd7 {[%clk 0:21:25]} 32. Qc8+ {[%clk 0:32:07]}  Ke7 {[%clk 0:21:48]} 33. Qg8 {[%clk 0:21:07]}  Qg4 {[%clk 0:14:30]} 34. Rc8 {[%clk 0:18:52]}  Kd6 {[%clk 0:05:02]} 35. Qf8+ {[%clk 0:13:34]}  Kd5 {[%clk 0:04:06]} 36. Qc5+ {[%clk 0:06:19]}  Ke6 {[%clk 0:04:07]} 37. fxe5 {[%clk 0:04:42]}  Qe2+ {[%clk 0:04:17]} 38. Ka3 {[%clk 0:04:56]}  Rd2 {[%clk 0:04:30]} 39. Rc6+ {[%clk 0:01:10]}  Kf7 {[%clk 0:04:46]} 40. Rc7+ {[%clk 0:00:46]}  Kg6 {[%clk 0:05:10]} 41. Rxg7+ {[%clk 0:00:43]}  Kxg7 {[%clk 0:04:04]} 42. Qe7+ {[%clk 0:01:07]} 1/2-1/2

[Event "45th FIDE Chess Olympiad Open"]
[Site "Budapest, Hungary"]
[Date "2024.09.22"]
[Round "11"]
[White "Markus, Robert"]
[Black "Korobov, Anton"]
[Result "1-0"]
[Board "19"]
[WhiteFideId "921637"]
[BlackFideId "14105730"]
[WhiteTitle "GM"]
[BlackTitle "GM"]
[WhiteElo "2586"]
[BlackElo "2650"]
[WhiteTeam "Serbia"]
[BlackTeam "Ukraine"]
[WhiteClock "0:11:48"]
[BlackClock "0:07:03"]
[Variant "Standard"]

1. d4 {[%clk 1:30:56]}  Nf6 {[%clk 1:30:53]} 2. c4 {[%clk 1:31:22]}  e6 {[%clk 1:31:17]} 3. Nf3 {[%clk 1:31:49]}  d5 {[%clk 1:31:23]} 4. e3 {[%clk 1:32:10]}  c5 {[%clk 1:29:40]} 5. cxd5 {[%clk 1:32:22]}  Nxd5 {[%clk 1:29:39]} 6. e4 {[%clk 1:31:52]}  Nb6 {[%clk 1:26:56]} 7. Nc3 {[%clk 1:30:31]}  Be7 {[%clk 1:24:56]} 8. Be3 {[%clk 1:28:47]}  cxd4 {[%clk 1:22:07]} 9. Nxd4 {[%clk 1:28:51]}  O-O {[%clk 1:22:24]} 10. Be2 {[%clk 1:27:08]}  e5 {[%clk 1:17:03]} 11. Ndb5 {[%clk 1:23:06]}  Nc6 {[%clk 1:15:49]} 12. O-O {[%clk 1:11:00]}  Be6 {[%clk 1:14:42]} 13. b3 {[%clk 1:05:59]}  a6 {[%clk 1:04:50]} 14. Qxd8 {[%clk 1:03:17]}  Bxd8 {[%clk 1:04:34]} 15. Nd6 {[%clk 1:03:23]}  Nd4 {[%clk 1:04:57]} 16. Rad1 {[%clk 0:59:29]}  Nxe2+ {[%clk 0:57:06]} 17. Nxe2 {[%clk 0:59:27]}  Rb8 {[%clk 0:57:30]} 18. f4 {[%clk 0:53:54]}  exf4 {[%clk 0:48:48]} 19. Nxf4 {[%clk 0:50:13]}  Bg4 {[%clk 0:47:21]} 20. Rd2 {[%clk 0:47:14]}  Nc8 {[%clk 0:43:07]} 21. Nc4 {[%clk 0:43:20]}  Bg5 {[%clk 0:31:54]} 22. h3 {[%clk 0:30:50]}  b5 {[%clk 0:31:17]} 23. Ne5 {[%clk 0:29:03]}  Be6 {[%clk 0:28:35]} 24. Nd7 {[%clk 0:28:43]}  Bxd7 {[%clk 0:27:56]} 25. Rxd7 {[%clk 0:29:07]}  Re8 {[%clk 0:20:10]} 26. Bc5 {[%clk 0:20:12]}  Nb6 {[%clk 0:18:07]} 27. Ra7 {[%clk 0:20:21]}  Rxe4 {[%clk 0:16:58]} 28. Nh5 {[%clk 0:19:48]}  f6 {[%clk 0:10:49]} 29. Rxg7+ {[%clk 0:17:32]}  Kh8 {[%clk 0:09:59]} 30. Bxb6 {[%clk 0:11:10]}  Rh4 {[%clk 0:06:02]} 31. Rxg5 {[%clk 0:11:33]}  fxg5 {[%clk 0:06:24]} 32. Bc7 {[%clk 0:11:59]}  Rc8 {[%clk 0:06:24]} 33. Be5+ {[%clk 0:12:00]}  Kg8 {[%clk 0:06:52]} 34. Nf6+ {[%clk 0:12:09]}  Kf7 {[%clk 0:07:03]} 35. Ng4+ {[%clk 0:11:48]} 1-0

[Event "45th FIDE Chess Olympiad Open"]
[Site "Budapest, Hungary"]
[Date "2024.09.22"]
[Round "11"]
[White "Onyshchuk, Volodymyr"]
[Black "Ivic, Velimir"]
[Result "0-1"]
[Board "20"]
[WhiteFideId "14114038"]
[BlackFideId "950122"]
[WhiteTitle "GM"]
[BlackTitle "GM"]
[WhiteElo "2610"]
[BlackElo "2599"]
[WhiteTeam "Ukraine"]
[BlackTeam "Serbia"]
[WhiteClock "0:00:35"]
[BlackClock "0:02:28"]
[Variant "Standard"]

1. e4 {[%clk 1:27:33]}  c5 {[%clk 1:30:45]} 2. Nf3 {[%clk 1:26:30]}  d6 {[%clk 1:30:52]} 3. d4 {[%clk 1:26:37]}  cxd4 {[%clk 1:31:08]} 4. Nxd4 {[%clk 1:26:47]}  Nf6 {[%clk 1:31:31]} 5. Nc3 {[%clk 1:27:10]}  a6 {[%clk 1:31:56]} 6. Be3 {[%clk 1:27:10]}  e5 {[%clk 1:30:07]} 7. Nb3 {[%clk 1:26:55]}  Be6 {[%clk 1:28:50]} 8. f3 {[%clk 1:27:09]}  h5 {[%clk 1:28:17]} 9. Qd2 {[%clk 1:26:27]}  Nbd7 {[%clk 1:28:16]} 10. O-O-O {[%clk 1:24:57]}  Rc8 {[%clk 1:28:03]} 11. Kb1 {[%clk 1:23:34]}  Be7 {[%clk 1:23:37]} 12. g3 {[%clk 1:19:16]}  b5 {[%clk 1:19:36]} 13. a4 {[%clk 1:04:37]}  bxa4 {[%clk 1:06:54]} 14. Nxa4 {[%clk 1:04:30]}  O-O {[%clk 1:04:22]} 15. Bxa6 {[%clk 0:52:46]}  Ra8 {[%clk 1:03:53]} 16. Bb5 {[%clk 0:52:40]}  Qb8 {[%clk 0:57:08]} 17. Qe2 {[%clk 0:38:55]}  Rc8 {[%clk 0:52:45]} 18. Rd2 {[%clk 0:35:19]}  Rxa4 {[%clk 0:31:59]} 19. Bxa4 {[%clk 0:35:34]}  Bc4 {[%clk 0:32:22]} 20. Qd1 {[%clk 0:30:43]}  Qb4 {[%clk 0:26:05]} 21. Bxd7 {[%clk 0:30:11]}  Nxd7 {[%clk 0:26:31]} 22. Rd3 {[%clk 0:29:12]}  Ra8 {[%clk 0:20:11]} 23. Rc3 {[%clk 0:28:25]}  Nf6 {[%clk 0:18:28]} 24. Rxc4 {[%clk 0:16:46]}  Qxc4 {[%clk 0:18:54]} 25. Bg5 {[%clk 0:17:05]}  Qa4 {[%clk 0:15:58]} 26. Bxf6 {[%clk 0:16:48]}  Bxf6 {[%clk 0:13:32]} 27. h4 {[%clk 0:17:04]}  g6 {[%clk 0:10:58]} 28. Qd5 {[%clk 0:16:24]}  Qa2+ {[%clk 0:09:38]} 29. Kc1 {[%clk 0:16:38]}  Qa7 {[%clk 0:09:59]} 30. Rf1 {[%clk 0:12:57]}  Bd8 {[%clk 0:07:39]} 31. c3 {[%clk 0:08:07]}  Rb8 {[%clk 0:06:44]} 32. Kc2 {[%clk 0:08:17]}  Qa6 {[%clk 0:06:00]} 33. Rd1 {[%clk 0:01:47]}  Qe2+ {[%clk 0:04:25]} 34. Nd2 {[%clk 0:02:01]}  Rxb2+ {[%clk 0:04:09]} 35. Kxb2 {[%clk 0:02:26]}  Qxd1 {[%clk 0:04:36]} 36. Qxd6 {[%clk 0:02:21]}  Bb6 {[%clk 0:01:09]} 37. Qxb6 {[%clk 0:00:43]}  Qxd2+ {[%clk 0:01:38]} 38. Kb3 {[%clk 0:01:01]}  Qd1+ {[%clk 0:01:46]} 39. Kb2 {[%clk 0:01:22]}  Qd2+ {[%clk 0:00:59]} 40. Kb3 {[%clk 0:01:45]}  Qd1+ {[%clk 0:01:10]} 41. Kb4 {[%clk 0:11:48]}  Qb1+ {[%clk 0:29:22]} 42. Kc5 {[%clk 0:12:09]}  Qg1+ {[%clk 0:29:36]} 43. Kb5 {[%clk 0:12:32]}  Qxg3 {[%clk 0:28:22]} 44. c4 {[%clk 0:12:35]}  Qxf3 {[%clk 0:18:38]} 45. c5 {[%clk 0:08:50]}  Qd3+ {[%clk 0:07:54]} 46. Kc6 {[%clk 0:09:08]}  Qxe4+ {[%clk 0:07:19]} 47. Kc7 {[%clk 0:09:02]}  Qxh4 {[%clk 0:04:19]} 48. c6 {[%clk 0:09:01]}  e4 {[%clk 0:02:58]} 49. Kb7 {[%clk 0:02:37]}  Qe7+ {[%clk 0:02:31]} 50. c7 {[%clk 0:02:58]}  e3 {[%clk 0:02:48]} 51. Qd4 {[%clk 0:03:07]}  Kh7 {[%clk 0:02:22]} 52. Kb8 {[%clk 0:03:29]}  e2 {[%clk 0:02:07]} 53. c8=Q {[%clk 0:03:37]}  f6 {[%clk 0:02:29]} 54. Qd5 {[%clk 0:00:38]}  e1=Q {[%clk 0:01:34]} 55. Qcg8+ {[%clk 0:00:50]}  Kh6 {[%clk 0:02:01]} 56. Qh8+ {[%clk 0:00:43]}  Qh7 {[%clk 0:02:30]} 57. Qxf6 {[%clk 0:00:35]}  Qg3+ {[%clk 0:02:28]} 0-1